Quizzes
Events
Quiz Creation
Community
Videos
Private Events
Remove Ads
Sign In
Join for FREE
Feedback
Dark Mode
Quiz Categories
Sports
Geography
Music
Movies
Television
Just For Fun
Miscellaneous
History
Literature
Language
Science
Gaming
Entertainment
Religion
Holiday
For Kids
Quiz Lab
Recent
Popular Today
Quiz Kudos Today
Editor Picks
Curator Picks
Quizzes by...
Day
Popularity
Type
Ratings
Length
Year
Community
Subscriptions
Recent Discussions
Orange Saloon
Badges
Playlists
Quests
Create
Leaderboards
Showdown
Live 5
Trivia Bingo
Activity
Puzzle Library
Sporcle Events
Private Events
Virtual Trivia
Globe League
Become a Host
Pub Owners
SporcleCon
Opinionation
Our Games
Videos
Blog
Mobile Apps
Partnerships
Remove Ads and Go Orange
Feedback
Gaming
Video Games
Board Games
Card Games
Pokémon
Mario
Nintendo
Minecraft
Console
Toys
Legend of Zelda
Gaming
Video Games
Board Games
Card Games
Pokémon
Mario
Nintendo
Minecraft
Console
Toys
Legend of Zelda
Random Quiz
Search Sporcle
×
Quiz Lab
Quiz Lab
Gaming
Pokémon
Type in answers that appear in a list
Type in answers that appear in a list
Classic
Best Score? Go Orange.
Pokémon Type Introduction Stats
Can you name the Pokémon that introduced its type to the games, according to numerical order in the National Dex?
By
Kermit
10m
88 Questions
247 Plays
247 Plays
247 Plays
Comments
Comments
Give Quiz Kudos
Give Quiz Kudos
-
- Ratings
hide this ad
Random Order
Randomize order of answers
Randomize order of answers
Replay
Link that replays current quiz
Next Quiz
Link to next quiz in quiz playlist
You Got
0%
They Got
Avg Score
66%
Avg Friend Score
Upgrade to see
Score Distribution
Jump to the score distribution portion of the page
Score
0/88
Timer
10:00
0
Plays Today
Type
Pokémon
% Correct
Fire
Charmander
91.1%
Water
Squirtle
91.1%
Grass/
Poison
Bulbasaur
90.7%
Electric
Pikachu
87%
Normal/
Flying
Pidgey
85.4%
Bug
Caterpie
84.2%
Fire/
Flying
Charizard
83.4%
Bug/
Flying
Butterfree
83.4%
Rock/
Ground
Geodude
83.4%
Ghost/
Poison
Gastly
83.4%
Dragon
Dratini
83.4%
Ice/
Flying
Articuno
83%
Electric/
Flying
Zapdos
83%
Psychic
Abra
82.2%
Normal
Rattata
81%
Dragon/
Flying
Dragonite
80.2%
Ice/
Psychic
Jynx
78.9%
Bug/
Poison
Weedle
77.7%
Steel/
Flying
Skarmory
77.3%
Steel/
Ground
Steelix
76.5%
Electric/
Steel
Magnemite
75.7%
Dark/
Fire
Houndour
75.7%
Poison
Ekans
74.1%
Rock/
Flying
Aerodactyl
74.1%
Fighting
Mankey
74.1%
Ground
Sandshrew
73.3%
Water/
Electric
Chinchou
71.7%
Ghost
Misdreavus
71.3%
Poison/
Flying
Zubat
70.4%
Dark/
Flying
Murkrow
70.4%
Type
Pokémon
% Correct
Water/
Fighting
Poliwrath
70%
Water/
Ice
Dewgong
70%
Ice/
Ghost
Froslass
68.4%
Rock/
Water
Omanyte
68%
Dark/
Ice
Sneasel
68%
Water/
Grass
Lotad
68%
Electric/
Ghost
Rotom
68%
Ghost/
Dragon
Giratina
67.6%
Steel/
Dragon
Dialga
66.8%
Fire/
Steel
Heatran
66.8%
Ice/
Ground
Swinub
66.4%
Bug/
Grass
Paras
66%
Fire/
Rock
Magcargo
66%
Bug/
Water
Surskit
66%
Water/
Poison
Tentacool
65.6%
Dark/
Ghost
Sableye
65.2%
Ground/
Dragon
Vibrava
65.2%
Water/
Psychic
Slowpoke
64.8%
Water/
Ground
Wooper
64.8%
Ground/
Flying
Gligar
64.8%
Bug/
Fighting
Heracross
64.8%
Water/
Dragon
Kingdra
64.8%
Fighting/
Psychic
Meditite
64.8%
Bug/
Ghost
Shedinja
64%
Grass
Tangela
63.6%
Water/
Flying
Gyarados
63.6%
Fire/
Fighting
Combusken
63.6%
Dark
Umbreon
63.2%
Grass/
Ice
Snover
62.8%
Fighting/
Steel
Lucario
62.3%
Type
Pokémon
% Correct
Psychic/
Flying
Natu
61.9%
Normal/
Psychic
Girafarig
61.9%
Water/
Steel
Empoleon
61.9%
Fire/
Ground
Numel
61.5%
Grass/
Fighting
Breloom
61.1%
Grass/
Flying
Hoppip
60.7%
Dragon/
Psychic
Latias
59.9%
Poison/
Ground
Nidoqueen
59.5%
Steel/
Psychic
Beldum
59.5%
Bug/
Steel
Forretress
59.1%
Steel/
Rock
Aron
58.7%
Grass/
Dark
Nuzleaf
57.5%
Poison/
Fighting
Croagunk
57.1%
Grass/
Psychic
Exeggcute
56.7%
Bug/
Rock
Shuckle
55.5%
Water/
Dark
Carvanha
55.5%
Grass/
Ground
Torterra
55.5%
Rock/
Grass
Lileep
53.4%
Ghost/
Flying
Drifloon
53.4%
Rock/
Dark
Tyranitar
52.2%
Bug/
Ground
Nincada
51.8%
Rock/
Psychic
Lunatone
51%
Ice
Snorunt
50.6%
Ground/
Psychic
Baltoy
49.8%
Steel
Mawile
49%
Posion/
Dark
Stunky
44.9%
Rock
Sudowoodo
41.3%
Normal/
Water
Bibarel
36.8%
Quiz Playlist
Details
Report
Send in Message
Add To Playlist
Classic:
Type in answers that appear in a list
Random Order:
Randomize order of answers
Quiz Source
Last Updated: Feb 16, 2017
Quiz Scoreboard
CHALLENGE
Sign Up to Join the Scoreboard
Show All
Scores
Hide
Comments
May contain spoilers
Recently Published
Pick 6: Fruits
by JohnFran
Miscellaneous
15s
Click the 1999 NBA Draft
by nibperrychub
Sports
2m
Alphabetical 'K' Countries by Flag Minefield
by ylime102
Geography
3m
More to Explore
Quiz From the Vault
Featured Blog Post
15 Basketball Trivia Facts You Can Be March Mad About
hide this ad
You Might Also Like...
Tags
Pokémon Quiz
Dex
Gen 1
Gen 2
Gen 3
Gen 4
introduction
national
Today's Top Quizzes in Gaming
Browse Gaming
hide this ad
Today's Top Quizzes in Pokémon
Browse Pokémon
Top Contributed Quizzes in Gaming
1
Pokémon Gen IV Logic Puzzle (HARD)
2
Order Genshin Impact characters by release date!
3
HARD Pokemon Logic Puzzle
4
Honkai: Star Rail Technique Names Quiz
5
Genshin Impact Logic Puzzle Quiz
6
Danganronpa Sorting Blitz
7
Pokémon Logic Puzzle (DIFFICULT)
8
Genshin Impact Logic Puzzle Quiz II
9
Animal Crossing Neighbors (Clickable)
10
Overwatch Logic Puzzle
Explore More
Trending Topics
Crossword
Disney
Kpop
NBA
Harry Potter
Anime
Marvel
NFL
The Office
WWE
Soccer
Song
Puzzle
Pokémon
Country
hide this ad
More By:
Kermit
Quiz
Plays
Rating
Category
Featured
Created
Pokémon Type Introduction
247
4.25
Gaming
Oct 10, 2010
Go to Creator's Profile
Score Distribution
Quiz Creator Spotlight
Kermit
Follow
Send a Message
Quizzes Created
-
Created Quiz Play Count
-
More By This Creator
Popular Quizzes Today
1
Find the US States - No Outlines Minefield
2
Countries of Asia Without Outlines Minefield
3
Pick 6: Fruits
4
The Countries of the World
5
Alphabetical 'K' Countries by Flag Minefield
6
Find the US States
7
Match the Book to the Film X
8
Click the 1999 NBA Draft
More Gaming Quizzes
Super Mario Rainbow
Published
Trending Quizzes
Pick 6: Harry Potter
Pick 6: Mountains
Pick 6: NFL Teams
Pick 6: Movie Franchises
Pick 6: Golfers
Recently Updated
Women's Final Four Teams by Year
bhenderson79
Presidents Quartet II
eogle
Anything But Clue(do)
eogle
Anything But Oceanian Capitals
eogle
Anything But 7
eogle
Anything But Thing
eogle
Word Ladder: February 29
pecheneg
Song Title Questions
pecheneg
Women's NCAA Tournament #1 Seeds
pecheneg
Celebrity Mug Shots
pecheneg
Trending Topics
Marvel
NBA
Anime
Crossword
Harry Potter
Kpop
Disney
Pokémon
Country
WWE
NFL
Soccer
Song
The Office
Puzzle
Your Account Isn't Verified!
In order to create a playlist on Sporcle, you need to verify the email address you used during registration. Go to your
Sporcle Settings
to finish the process.
Report this User
Report this user for behavior that violates our
Community Guidelines
.
Details:
Send Report
Go to the Sporcle.com Mobile Site →
Comments